Language Quiz

Random Language or Typing Quiz

Chutes and Ladders VI Quiz Stats

 Plays Quiz Updated Sep 12, 2012

Challenge
Share
Tweet
Embed
Score 0/135 Timer 05:00
6 Plays Today
% Correct
█████████████████
100%
↑ 3 end an inning ↑
100%
◊ BUTS ◊
99.9%
→ Ticket remainder →
99.9%
█████████████████
90.4%
█████████████████
90.2%
STUB
89.3%
→ Bathroom fixtures →
89.3%
█████████████████
88.6%
█████████████████
87.6%
█████████████████
87.3%
↑ Brass instrument ↑
86.9%
TUBS
86.9%
█████████████████
86.3%
↑ Chooses ↑
86%
OUTS
86%
→ Remove from power →
86%
TUBA
85.5%
█████████████████
79.8%
OUST
76.6%
█████████████████
65.6%
█████████████████
65.2%
█████████████████
65.1%
OPTS
64.7%
→ Kitchenware →
64.7%
↑ Mounted on ↑
64.7%
STOP
64.7%
█████████████████
64.6%
POTS
64.1%
→ Word on street sign →
64.1%
█████████████████
58.4%
█████████████████
58.4%
█████████████████
58.3%
█████████████████
58.2%
█████████████████
58.2%
█████████████████
58.2%
█████████████████
58.2%
↑ Molecule part ↑
58.1%
ATOP
58.1%
← Castle defense ←
58.1%
ATOM
58.1%
█████████████████
58%
MOAT
57.8%
↓ Its offspring are kids ↓
57.8%
← Roman garb ←
56.5%
% Correct
GOAT
56.5%
↑ Meditative exercise ↑
56.5%
TOGA
56.5%
█████████████████
56.4%
↑ 'Star Wars' mentor ↑
56.4%
YOGA
56.4%
█████████████████
56.4%
█████████████████
56.4%
↑ Lays down the lawn ↑
56.1%
SODA
56.1%
↑ Carbonated drink ↑
56.1%
YODA
56.1%
→ Fusses →
56.1%
█████████████████
54.4%
█████████████████
54.3%
█████████████████
54.1%
█████████████████
54.1%
█████████████████
53.9%
█████████████████
53.9%
█████████████████
53.9%
█████████████████
53.8%
█████████████████
53.6%
↑ Head shakes ↑
52.7%
SODS
52.7%
NODS
52.6%
→ Puts on →
52.6%
DONS
52%
█████████████████
51.3%
█████████████████
51.3%
█████████████████
51.2%
█████████████████
51.1%
↑ Does simple math ↑
51%
ADOS
51%
↓ Singer Tori ↓
51%
█████████████████
51%
█████████████████
51%
█████████████████
51%
█████████████████
50.9%
█████████████████
50.8%
█████████████████
50.8%
█████████████████
50.8%
ADDS
50.8%
→ Fathers →
50.8%
█████████████████
50.7%
█████████████████
50.7%
% Correct
↑ Beaver buildings ↑
50.7%
↓ Bad firecrackers ↓
50.7%
DADS
50.7%
█████████████████
50.7%
█████████████████
50.6%
█████████████████
50.6%
█████████████████
50.6%
↑ Titled lady ↑
50.4%
DAMS
50.4%
█████████████████
50.3%
█████████████████
49.7%
█████████████████
49.8%
← Dutch cheese ←
49.7%
↑ Domesticated ↑
49.7%
DAME
49.7%
DUDS
49.4%
You've revealed the
49.4%
barriers in the maze!
49.4%
← Squad ←
49%
↑ Pound a drum ↑
49%
MEAT
49%
← Carnivore's diet ←
49%
↑ Use a stopwatch ↑
49%
TAME
49%
↑ Green citrus fruit ↑
48.8%
TIME
48.8%
AMOS
48.8%
↑ 500 sheets ↑
48.7%
TEAM
48.7%
LIME
48.6%
BEAT
48.4%
MADE
48.1%
← Created ←
47.3%
EDAM
47.3%
↑ In the back ↑
47.2%
REAM
47.2%
█████████████████
46%
WARNING! SOLVING
46%
THIS FINAL CLUE WILL
46%
AUTOMATICALLY!
46%
REAR
46%
SHOW ALL ANSWERS
46%
AND END YOUR GAME
46%
→ Uncommon →
46%
◊ RARE ◊
45.2%

You're not logged in!

Compare scores with friends on all Sporcle quizzes.
Join for Free
OR
Log In

You Might Also Like...

Show Comments

Extras

Top Quizzes Today


Score Distribution

Your Account Isn't Verified!

In order to create a playlist on Sporcle, you need to verify the email address you used during registration. Go to your Sporcle Settings to finish the process.

Report this User

Report this user for behavior that violates our Community Guidelines.

Details: